| 000 | 00425nam a22001697a 4500 | ||
|---|---|---|---|
| 003 | SGT | ||
| 020 | _a9780323793094 | ||
| 082 |
_a610.7362 _bN23W |
||
| 100 | _aWALSH, BRIAN K. | ||
| 245 | _aNEONATAL & PEDIATRIC RESPIRATIRY CARE | ||
| 250 | _a6TH | ||
| 260 |
_aPHILADELPHIA _bELSEVIER PUB _c2023 |
||
| 300 | _a770 | ||
| 650 | _aPEDIATRIC NURSING | ||
| 653 | _aNEONATAL & PEDIATRIC RESPIRATIRY CARE | ||
| 942 |
_2ddc _cBK |
||
| 999 |
_c24941 _d24941 |
||